<?xml version="1.0" encoding="UTF-8"?>
<record
    xmlns:xsi="http://www.w3.org/2001/XMLSchema-instance"
    xsi:schemaLocation="http://www.loc.gov/MARC21/slim http://www.loc.gov/standards/marcxml/schema/MARC21slim.xsd"
    xmlns="http://www.loc.gov/MARC21/slim">

  <leader>00950nam a2200181Ia 4500</leader>
  <controlfield tag="008">151202s9999||||xx |||||||||||||| ||und||</controlfield>
  <datafield tag="082" ind1=" " ind2=" ">
    <subfield code="b">PNVM-72586</subfield>
  </datafield>
  <datafield tag="100" ind1=" " ind2=" ">
    <subfield code="a">&#x935;&#x93E;&#x938;&#x941;&#x926;&#x947;&#x935;&#x93E;&#x928;&#x902;&#x926; &#x938;&#x930;&#x938;&#x94D;&#x935;&#x924;&#x940;</subfield>
  </datafield>
  <datafield tag="245" ind1=" " ind2=" ">
    <subfield code="a">&#x905;&#x91C;&#x94D;&#x91E;&#x93E;&#x928; &#x924;&#x93F;&#x92E;&#x93F;&#x930; &#x926;&#x940;&#x92A;&#x915; &#x905;&#x930;&#x94D;&#x925;&#x93E;&#x924; &#x908;&#x936;&#x94D;&#x935;&#x930; &#x92A;&#x94D;&#x930;&#x93E;&#x92A;&#x94D;&#x924;&#x940;&#x91A;&#x93E; &#x938;&#x94B;&#x92A;&#x93E; &#x92E;&#x93E;&#x930;&#x94D;&#x917; </subfield>
  </datafield>
  <datafield tag="260" ind1=" " ind2=" ">
    <subfield code="b">&#x917;&#x91C;&#x93E;&#x928;&#x928; &#x92C;&#x941;&#x915; &#x921;&#x947;&#x92A;&#x94B; </subfield>
  </datafield>
  <datafield tag="260" ind1=" " ind2=" ">
    <subfield code="c">0</subfield>
  </datafield>
  <datafield tag="300" ind1=" " ind2=" ">
    <subfield code="a">143</subfield>
  </datafield>
  <datafield tag="600" ind1=" " ind2=" ">
    <subfield code="a">&#x935;&#x93E;&#x938;&#x941;&#x926;&#x947;&#x935;&#x93E;&#x928;&#x902;&#x926; &#x938;&#x930;&#x938;&#x94D;&#x935;&#x924;&#x940;</subfield>
  </datafield>
  <datafield tag="630" ind1=" " ind2=" ">
    <subfield code="a">&#x905;&#x91C;&#x94D;&#x91E;&#x93E;&#x928; &#x924;&#x93F;&#x92E;&#x93F;&#x930; &#x926;&#x940;&#x92A;&#x915; &#x905;&#x930;&#x94D;&#x925;&#x93E;&#x924; &#x908;&#x936;&#x94D;&#x935;&#x930; &#x92A;&#x94D;&#x930;&#x93E;&#x92A;&#x94D;&#x924;&#x940;&#x91A;&#x93E; &#x938;&#x94B;&#x92A;&#x93E; &#x92E;&#x93E;&#x930;&#x94D;&#x917; </subfield>
  </datafield>
  <datafield tag="700" ind1=" " ind2=" ">
    <subfield code="a">&#x935;&#x93E;&#x938;&#x941;&#x926;&#x947;&#x935;&#x93E;&#x928;&#x902;&#x926; &#x938;&#x930;&#x938;&#x94D;&#x935;&#x924;&#x940;</subfield>
  </datafield>
  <datafield tag="730" ind1=" " ind2=" ">
    <subfield code="a">&#x905;&#x91C;&#x94D;&#x91E;&#x93E;&#x928; &#x924;&#x93F;&#x92E;&#x93F;&#x930; &#x926;&#x940;&#x92A;&#x915; &#x905;&#x930;&#x94D;&#x925;&#x93E;&#x924; &#x908;&#x936;&#x94D;&#x935;&#x930; &#x92A;&#x94D;&#x930;&#x93E;&#x92A;&#x94D;&#x924;&#x940;&#x91A;&#x93E; &#x938;&#x94B;&#x92A;&#x93E; &#x92E;&#x93E;&#x930;&#x94D;&#x917; </subfield>
  </datafield>
  <datafield tag="942" ind1=" " ind2=" ">
    <subfield code="c">BOOK</subfield>
  </datafield>
  <datafield tag="999" ind1=" " ind2=" ">
    <subfield code="c">1339251</subfield>
    <subfield code="d">1339248</subfield>
  </datafield>
  <datafield tag="952" ind1=" " ind2=" ">
    <subfield code="0">0</subfield>
    <subfield code="1">0</subfield>
    <subfield code="4">0</subfield>
    <subfield code="7">0</subfield>
    <subfield code="a">PNVM</subfield>
    <subfield code="b">PNVM</subfield>
    <subfield code="d">2015-08-31</subfield>
    <subfield code="g">15.00</subfield>
    <subfield code="l">0</subfield>
    <subfield code="o">PNVM-72586</subfield>
    <subfield code="p">PNVM-72586</subfield>
    <subfield code="r">2015-12-02 00:00:00</subfield>
    <subfield code="v">15.00</subfield>
    <subfield code="w">2015-12-02</subfield>
    <subfield code="y">BOOK</subfield>
  </datafield>
</record>
